Count to Ten in German - Statistics

General Stats
  • This quiz has been taken 21 times
  • The average score is 9 of 10
Answer Stats
Number % Correct
Drei
93%
Eins
93%
Sechs
93%
Sieben
93%
Zwei
93%
Acht
86%
Fünf
79%
Neun
79%
Zehn
79%
Vier
71%
No matching quizzes found
Score Distribution
Percent of People with Each Score
Percentile by Number Answered
Your Score History
You have not taken this quiz